READER’S digest condensed book/
Guardat en:
| Format: | Llibre |
|---|---|
| Idioma: | anglès |
| Publicat: |
The Reader’s Digest Association
1986.
|
| Etiquetes: |
Afegir etiqueta
Sense etiquetes, Sigues el primer a etiquetar aquest registre!
|
MARC
| LEADER | 00000nam a22000007a 4500 | ||
|---|---|---|---|
| 008 | 210427b ||||| |||| 00| 0 eng d | ||
| 245 | |a READER’S digest condensed book/ |c John S. Zinsser. |g 574p.; ill | ||
| 250 | |c Zinsser, John S. | ||
| 260 | |b The Reader’s Digest Association |c 1986. |h New York |i 693731 |i 689280 |l PN44 .R23 |m Literature, Modern – 20th century |m Literature, Modern – 20th century | ||
| 942 | |a lcc |c BK |e Adekanye, I. H. |f 27/04/2021 | ||
| 952 | |0 0 |1 0 |2 lcc |4 0 |6 PN0044 R23 |7 0 |9 2343 |a HOL |b HOL |c LP |d 2021-04-27 |l 0 |o PN44 .R23 |p 2021-6197 |r 2021-04-27 00:00:00 |w 2021-04-27 |y BK | ||
| 952 | |0 0 |1 0 |2 lcc |4 0 |6 PN0044 R23 |7 0 |9 2344 |a HOL |b HOL |c LP |d 2021-04-27 |l 0 |o PN44 .R23 |p 2021-6198 |r 2021-04-27 00:00:00 |w 2021-04-27 |y BK | ||
| 999 | |c 1208 |d 1208 | ||